000 00967nam a22002297a 4500
005 20101129155140.0
008 101129t xxu||||| |||| 00| 0 mar d
010 _aMAR-20414
020 _c100.00
035 _aMR-13072
037 _bDBAD / PUB
040 _aDPL
_bMR
082 _a921
100 _aशेळके,श्रीधर
_924500
245 _aभावतरंग /
_cश्रीधर शेळके
246 _aBhavtarang
_bby Sridhar Shedke
260 _aअहमदनगर
_bरंजना शेळके
_c2010
270 _aबंगला नं.ए/65,मार्डन कॉलनी,गुलमोहर रोड,सावेडी
_bअहमदनगर
300 _a155पृ
_c22सेमी ( सजिल्द )
942 _2ddc
_cMR
_h921
_mशेळके
999 _c48860
_d48860